Statistics for Which River in South America?

Click here to take the quiz!

General Stats

  • This quiz has been taken 30 times
    (9 since last reset)
  • The average score is 9 of 14

Answer Stats

# Description Letter River % Correct
1The longest river of the continentAAmazon
100%
2Flows through Venezuela, has a large deltaOOrinoco
88%
3This river separates Montevideo from Buenos AiresRRio de la Plata
88%
4Rivers forming #3PParana
75%
5Rivers forming #3UUruguay
75%
10Tributary flowing into #1, has a namesake Brazillian stateTTocantins
75%
6Longest tributary of #1NNegro
63%
7Porto Velho, Brazil's riverMMadeira
63%
14Tributary of #1, one of the longest beginning with its letterXXingu
63%
9Rivers forming #7MMamore
50%
8Rivers forming #7MMadre de Dios
38%
11Guyana's longest riverEEssequibo
25%
12The two rivers forming #1MMaranon
25%
13The two rivers forming #1UUcayali
25%

Score Distribution

Percentile by Number Answered

Percent of People with Each Score

Your Score History

You have not taken this quiz since the last reset